Top 100 Baby Girl Names in Italy in 1999 Quiz Stats

 Plays Quiz not verified by Sporcle

Support Sporcle.
Go Orange.
Score 0/100 Timer 10:00
0 Plays Today
Rank Name % Correct
24°Maria
94%
Anna
92.9%
Sara
88.1%
16°Laura
87.8%
13°Sofia
86.4%
Giulia
85.5%
10°Elisa
85.5%
Francesca
83.8%
14°Elena
83%
18°Alessandra
82.7%
79°Emma
82.1%
71°Rosa
81%
91°Isabella
79.8%
89°Carolina
78.1%
63°Paola
77.8%
Martina
77.6%
Chiara
77.6%
40°Lucia
77.3%
37°Angela
76.4%
34°Veronica
76.1%
74°Daniela
75.9%
Alessia
75.3%
27°Marta
75%
11°Valentina
74.7%
12°Alice
74.7%
56°Carlotta
73.3%
31°Rebecca
72.7%
35°Valeria
72.4%
26°Claudia
72.2%
38°Nicole
72.2%
57°Lisa
72.2%
61°Giovanna
72.2%
Giorgia
71.9%
68°Teresa
71.9%
Rank Name % Correct
Federica
71.6%
78°Vittoria
71%
43°Caterina
70.7%
72°Melissa
70.5%
20°Arianna
70.2%
21°Beatrice
70.2%
52°Cristina
70.2%
25°Camilla
69.9%
70°Angelica
69%
59°Elisabetta
68.8%
98°Lara
68.8%
54°Vanessa
68.2%
83°Monica
67.3%
47°Erika
65.3%
60°Erica
65.3%
15°Aurora
65.1%
45°Jessica
65.1%
41°Greta
64.5%
100°Luisa
63.9%
39°Serena
63.6%
19°Silvia
63.4%
22°Giada
63.4%
97°Viola
62.8%
23°Eleonora
62.5%
29°Michela
62.5%
65°Stefania
62.2%
69°Marianna
61.1%
48°Margherita
60.8%
87°Cecilia
60.8%
33°Irene
60.5%
80°Linda
60.5%
32°Gaia
60.2%
42°Sabrina
59.7%
17°Ilaria
59.4%
Rank Name % Correct
28°Roberta
59.1%
51°Ludovica
58.5%
64°Gloria
57.7%
67°Rachele
57.7%
30°Noemi
56.8%
53°Lucrezia
56.8%
55°Miriam
56.5%
77°Virginia
56.5%
46°Benedetta
55.7%
36°Simona
55.4%
93°Flavia
55.4%
73°Matilde
55.1%
95°Ginevra
54.3%
94°Carmen
54%
44°Letizia
53.7%
90°Rita
52%
50°Asia
51.7%
58°Antonella
50.6%
75°Denise
50.6%
88°Sonia
48.3%
84°Giuseppina
46.9%
96°Agnese
46.3%
49°Marika
44.3%
85°Debora
44%
62°Emanuela
43.8%
76°Annalisa
42.3%
86°Carmela
42%
99°Raffaella
41.8%
92°Sharon
40.1%
81°Rossella
39.5%
66°Ilenia
39.2%
82°Fabiana
38.6%

You're not logged in!

Compare scores with friends on all Sporcle quizzes.
OR
Log In

From the Vault

Band Names by Literal Images

by slipkid

Literal doesn't have the same pizzazz now that it doesn't mean anything.
Remove Ads.
Support Sporcle.
Get the best of Sporcle when you Go Orange. This ad-free experience offers more features, more stats, and more fun while also helping to support Sporcle. Thank you for becoming a member.

Show Comments

Extras

Top Quizzes Today


Score Distribution

Your Account Isn't Verified!

In order to create a playlist on Sporcle, you need to verify the email address you used during registration. Go to your Sporcle Settings to finish the process.

Report this User

Report this user for behavior that violates our Community Guidelines.

Details: